| 000 | 00672nam a2200217Ia 4500 | ||
|---|---|---|---|
| 003 | OSt | ||
| 005 | 20240530114037.0 | ||
| 008 | 210210b2005 xxu||||| |||| 00| 0 eng d | ||
| 040 | _cAL | ||
| 041 | _aKonkani | ||
| 082 | _a891.46301 QUAK | ||
| 100 |
_aQuadros (Valley) _dವಲ್ಲಿ ಕ್ವಾಡ್ರಸ್ _9168280 |
||
| 245 |
_aKangal ani tachi kukke halli _bಕಂಗಾಲ್ ಆನಿ ತಾಚಿ ಕುಕ್ಕೆ ಹಳ್ಳಿ |
||
| 260 |
_aManglur _bAshavadi Prakashan _c2005 |
||
| 300 | _a86 | ||
| 650 |
_aShort Stories _9168288 |
||
| 690 |
_aKonkani Fiction _9168286 |
||
| 700 |
_aKVADRAS (Valli) _9168287 |
||
| 906 | _a064068 | ||
| 942 |
_2ddc _cBK |
||
| 999 |
_c139345 _d139345 |
||